000 00614nam a2200241Ia 4500
003 OSt
005 20230509145225.0
008 210423s2006 xx 000 0 und d
020 _a978-1-84569-159-2
040 _cAL
041 _aeng
082 _a641.36 LAWL
100 _aLAWRIE (R.A);LEDWARD (D.A)
_9101205
245 _aLawries meat science Ed7
250 _a7
260 _aEngland
_bWoodhead Publishing Ltd
_c2006
300 _axviii,442
_bPB
365 _b6408
_cUSD
650 _aFood
_9101206
650 _aFood & Drink
_9101207
906 _aEd7 ; Lawries ; meat ; science
942 _2ddc
_cBK
999 _c165685
_d165685